• 首页
  • 本馆介绍
  • 公告通知
  • 最新文献
  • 馆藏检索
  • 电子资源
  • 读者导购
  • 参考咨询
  • 我的图书馆
  • 登录
  • 详细信息显示
  • 放入我的书架
  • 预约/预借图书
  • 作者相关作品
  • 分类相关作品
  • 丛书相关作品
  • 出版社相关作品

书目信息

  • 表格格式
  • 工作单格式
  • 卡片格式
题名:
马克思主义政治经济学的产生
    
 
作者: 李善明 , 周成启 著
分册:  
出版信息: 上海   上海人民出版社  1985
页数: 297页
开本: 20cm
丛书名:
单 册:
中图分类: A811.66 , F091.9
科图分类:
主题词: 马克思主义政治经济学--形成 , 经济思想史
电子资源:
ISBN:
000 00807nam0 2200289 45
001 0185000545
005 20040422084926.1
010    @dCNY1.60
091    @a4074.567
100    @a19901005d1985 emky0chiy0121 ea
101 0  @achi
102    @aCN@b310000
105    @ay z 000yy
106    @ar
200 10 @a马克思主义政治经济学的产生@Ama ke si zhu yi zheng zhi jing ji xue de chan sheng@f李善明, 周成启著
210    @a上海@c上海人民出版社@d1985
215    @a297页@d20cm
606    @a马克思主义政治经济学@x形成
606 0  @a经济思想史
610 0  @a政治经济学
690    @aA811.66@v3
690    @aF091.9
701  0 @a李善明@Ali shan ming@4著
701  0 @a周成启@Azhou cheng qi@4著
801  0 @aCN@b深圳图书馆@c20040422
801  2 @aCN@bNLC@c20040422
905    @f2@b145076-077@dF091.9@e22
    
    马克思主义政治经济学的产生/李善明, 周成启著.-上海:上海人民出版社,1985
    297页;20cm
    
    
    ISBN :CNY1.60
    
●
相关链接 在E读中查询图书 在五车中查询图书 在当当中查询图书 在豆瓣中查询图书


正题名:马克思主义政治经济学的产生     索取号:F091.9/22         预约/预借

序号 登录号 条形码 馆藏地/架位号 状态 备注
1 0145076   000193524   第一借阅区/ [索取号:F091.9/22] 在馆    
2 0145077   000193533   第一借阅区/ [索取号:F091.9/22] 在馆    
3 0145078   002060520   第一样本阅览室/ [索取号:F091.9/22] 在馆    
唐山师范学院图书馆 欢迎您!
大连网信软件有限公司© 版权所有